| 000 | 01269nam a2200361 4500 | ||
|---|---|---|---|
| 999 |
_c23432 _d23432 |
||
| 001 | vtls012137669 | ||
| 005 | 20221011072546.0 | ||
| 008 | 220602s2022 xo e 000 f slo | ||
| 020 |
_a9788055181615 _q(viazané) |
||
| 040 |
_aTTKJF _bslo _cTTKJF _erda |
||
| 041 | 1 |
_aslo _heng |
|
| 044 |
_axo _cSK |
||
| 072 | 7 |
_a821.111(73)-3 _xAmerická próza _2konspekt |
|
| 080 |
_a821.111(73)-31 _22011 |
||
| 080 |
_a(0:82-312.4) _22011 |
||
| 100 | 1 |
_aClarke, Amy Suiter _4aut _93647 |
|
| 240 | 1 | 0 |
_aGirl, 11 _lSlovensky |
| 245 | 1 | 0 |
_aDievča, 11 _cAmy Suiter Clarke ; preložila Martina Šturcelová |
| 264 | 1 |
_aBratislava _bIkar _c2022 |
|
| 300 |
_a359 strán _c21 cm |
||
| 336 |
_atext _btxt _2rdacontent |
||
| 337 |
_abez média _bn _2rdamedia |
||
| 338 |
_azväzok _bnc _2rdacarrier |
||
| 500 | _aPreložené z angličtiny | ||
| 500 | _aObsahuje stručné biografické údaje o autorke na záložke prebalu publikácie | ||
| 655 | 7 |
_aamerické romány _2SNKPH _92 |
|
| 655 | 7 |
_adetektívne romány _2SNKPH _91710 |
|
| 655 | 7 |
_atrilery (romány) _2SNKPH _92135 |
|
| 655 | 7 |
_aAmerican fiction _2SNKPHeng _93 |
|
| 655 | 7 |
_aDetective novels _2SNKPHeng _91711 |
|
| 655 | 7 |
_aThrillers (novels) _2SNKPHeng _91722 |
|
| 700 | 1 |
_aŠturcelová, Martina _c(prekladateľka) _4trl _92548 |
|